000 00609nam a2200205Ia 4500
003 GCL
008 140319s9999 xx 000 0 ara d
040 _aGCL /
_cGCL
082 0 4 _a346.02
_bش.ص
100 1 _aشوقى وهبى
245 1 0 _aالصيغ القانونية للعقود الرسمية والعرفية /
_cشوقى وهبى
700 1 _aمهنى مشرقى
260 _a[S.N] :
_bدار العالم العربى للطباعة ،
_c1992
300 _a585 ص
490 _a
650 0 4 _aمصر
650 0 4 _aالقانون المدنى
650 0 4 _aالعقود
942 _2ddc
_cBK
999 _c49867
_d49867